000 00763nam a2200277 i 4500
001 000014198
003 DO-SdBNP
005 20260128102121.0
007 ta
008 280126s2015 dr 000 0 spa d
020 _a9789945951929
040 _aDO-SdBNP
_bspa
_cBNPHU
_erda
041 _aspa
082 4 _axxx
_bR457s
_222
100 1 _aReyes Florentino, Faustino
_eautor
_988901
245 1 0 _aSi me muestras tu fe /
_cFaustino Reyes Florentino
264 1 _aSanto Domingo :
_bGente de Valores,
_c2015
300 _a83 páginas ;
_c15 cm.
336 _atexto
_btxt
_2rdacontent
337 _asin mediación
_bn
_2rdamedia
338 _avolumen
_bnc
_2rdacarrier
590 _aInventariado,2025/DG
700 _988905
910 _aDG
942 _2ddc
_cLBS1
999 _c60150
_d60150